<?xml version="1.0" encoding="UTF-8"?>
<collection xmlns:xsi="http://www.w3.org/2001/XMLSchema-instance" xsi:schemaLocation="http://www.loc.gov/MARC21/slim http://www.loc.gov/standards/marcxml/schema/MARC21slim.xsd" xmlns="http://www.loc.gov/MARC21/slim">
 <record>
  <leader>00000cam a22000003a 4500</leader>
  <controlfield tag="001">UP-99796217608726718</controlfield>
  <controlfield tag="003">Buklod</controlfield>
  <controlfield tag="005">20090219162150.0</controlfield>
  <controlfield tag="006">m    |o  d |      </controlfield>
  <controlfield tag="007">ta</controlfield>
  <controlfield tag="008">090219s1998    xx     d     r    |||| u|</controlfield>
  <datafield tag="035" ind1=" " ind2=" ">
   <subfield code="a">(iLib)UPD-00075998691</subfield>
  </datafield>
  <datafield tag="040" ind1=" " ind2=" ">
   <subfield code="a">DMC</subfield>
  </datafield>
  <datafield tag="041" ind1=" " ind2=" ">
   <subfield code="a">eng</subfield>
  </datafield>
  <datafield tag="090" ind1=" " ind2="0">
   <subfield code="a">P 92 A7</subfield>
   <subfield code="b">S68 1998</subfield>
  </datafield>
  <datafield tag="245" ind1="0" ind2="4">
   <subfield code="a">The Southeast Asian media in a time of crisis.</subfield>
  </datafield>
  <datafield tag="264" ind1=" " ind2="1">
   <subfield code="a">Sweden</subfield>
   <subfield code="b">Dag Hammarskjold Centre</subfield>
   <subfield code="c">1998.</subfield>
  </datafield>
  <datafield tag="300" ind1=" " ind2=" ">
   <subfield code="a">128 p.</subfield>
   <subfield code="b">ill.--(Development Dialogue</subfield>
   <subfield code="c">2, 1998).</subfield>
  </datafield>
  <datafield tag="500" ind1=" " ind2=" ">
   <subfield code="a">Title from cover.</subfield>
  </datafield>
  <datafield tag="500" ind1=" " ind2=" ">
   <subfield code="a">&quot;This issue of Development Dialogue contains papers presented at the seminar on &quot;Improving the flow of Information in a Time of Crisis : the challenge to the Southeast Asian Media; organized at the Subic Freeport, The Philippines, October 29-31, 1998, by the Philippine Center for Investigative Journalism (PCIJ) in cooperation with the Dag Hammarskjold Foundation.--t.p. verso.</subfield>
  </datafield>
  <datafield tag="650" ind1="1" ind2="7">
   <subfield code="a">Mass media</subfield>
   <subfield code="z">Asia, Southeastern.</subfield>
  </datafield>
  <datafield tag="650" ind1=" " ind2="0">
   <subfield code="a">Mass media</subfield>
   <subfield code="z">Asia, Southeastern</subfield>
   <subfield code="x">Economic aspects.</subfield>
  </datafield>
  <datafield tag="650" ind1=" " ind2="0">
   <subfield code="a">Mass media</subfield>
   <subfield code="z">Asia, Southeastern</subfield>
   <subfield code="x">Political aspects.</subfield>
  </datafield>
  <datafield tag="650" ind1=" " ind2="0">
   <subfield code="a">Mass media</subfield>
   <subfield code="z">Asia, Southeastern</subfield>
   <subfield code="x">Social aspects.</subfield>
  </datafield>
  <datafield tag="905" ind1=" " ind2=" ">
   <subfield code="a">FO</subfield>
  </datafield>
  <datafield tag="950" ind1=" " ind2=" ">
   <subfield code="a">Monograph</subfield>
  </datafield>
  <datafield tag="852" ind1="0" ind2=" ">
   <subfield code="a">UPD</subfield>
   <subfield code="b">DMC</subfield>
   <subfield code="h">P 92 A7</subfield>
   <subfield code="i">S68 1998</subfield>
  </datafield>
  <datafield tag="942" ind1=" " ind2=" ">
   <subfield code="a">Book</subfield>
  </datafield>
 </record>
</collection>
